Шахматни дебюти (Запис номер 456820)
[ съкратено ]
| 000 -Лидер | |
|---|---|
| Контролно поле с фиксирана дължина | nam a22 1a 4500 |
| 003 - Код на организацията, давaща контролен номер | |
| Контролно поле | BLK |
| 005 - Дата и час на последна редакция | |
| Контролно поле | 20221208031223.0 |
| 008 - Елементи от данни с фиксирана дължина | |
| fixed length control field | 210614b bu |||||r|||| 00| 0 bu d |
| 040 ## - Източник на каталожния запис | |
| Идентификатор на билиотеката - собственик на записа | BLK |
| 041 ## - Код за език | |
| Код за езика на текст/звукозапис или на отделно заглавие | Български |
| Код за езика КДБФ | Български |
| 080 ## - УДК | |
| Текстов определител УДК | Шахмат |
| УДК код - определител по УДК | 794.1 |
| УДК - код + определител | 794.1 |
| 100 ## - Редна дума - Автор | |
| R(LIN) | 1299 |
| Автор | Нейкирх, Олег |
| Авторска отговорност | първи автор |
| 139 ## - Редно поле | |
| Редна дума | Нейкирх, Олег |
| Авторски знак | Неи - Н 47 |
| 245 ## - Сведения за заглавието | |
| Заглавие | Шахматни дебюти |
| Подзаглавни данни | Ч. 1 -3 |
| Редно поле (дума) | Олег Нейкирх, Александър Цветков |
| Том | Ч. 1 |
| 260 ## - Област на издателските данни | |
| 9 (RLIN) | 216430 |
| Място на издаване, разпространение и проч. | София |
| Име на издателя, разпространителя и проч. | Физкултура |
| Година на издаване | 1955 |
| 300 ## - Физическа характеристика | |
| Страници | 288 с. |
| Илюстрации и др. | с ил. |
| Размери/Мащаб | 21 см |
| 380 ## - Жанр | |
| Жанр | 793/799 Спорт |
| 650 #7 - Допълнително описание по предмет – тема | |
| 9 (RLIN) | 177770 |
| Основно описание – тема или топоним | Шахмат |
| 653 #7 - Ключова дума – ненормативна | |
| 9 (RLIN) | 200785 |
| Ключова дума | шахмат |
| 700 ## - Други автори (авторска отговорност) | |
| Лично име | Цветков, Александър |
| Автороска отговорност (Описва отношението между автора и произведението) | съавт. |
| 9 (RLIN) | 1445 |
| 760 ## - Описание на основната серия | |
| Място на издаване, издател и година | 1955 |
| Страници - том | 288 с. |
| Част - том | Ч.1 |
| Заглавие | Шахматни дебюти |
| 852 ## - Местоположение | |
| Форматна сигнатура | Цб 34878 |
| Фондова буква | Хранилище |
| 999 ## - СИСТЕМНИ КОНТРОЛНИ НОМЕРА | |
| Koha biblionumber | 456820 |
| Koha biblioitemnumber | 456820 |
| 942 ## - АРТИКУЛИ | |
| Вид на библиотечния материал | Книги |
| Скрит в OPAC | Не |
| Периодичен библиозапис | Да |
| 944 ## - СЪЗДАВАНЕ И РЕДАКЦИЯ на ЗАПИСА | |
| Създаване/Редакция | Създаване |
| Дата на регистрацията/редакция | 2022-05-19 |
| Служител, извършил регистрацията/редакцията | К.Д. |
| Код за отписване | Код за изгубен артикул | Източник на класификационната схема | Код за повреда | Коз за рестрикции | Код за отдаване | Артикулен № | Име на библиотеката - собственик | Име на библиотеката, в която се намира в момента | Статус (Текущо местоположение) | Дата на вписване в системата | Местоположение - отдел | Цена в лева | Инвентарен номер | Систематично азбучна сигнатура | Баркод | Цена в евро | Служебен тип на артикула |
|---|---|---|---|---|---|---|---|---|---|---|---|---|---|---|---|---|---|
| Не е изгубен | Universal Decimal Classification | Не е повреден | само за читалня | ползва се в читалня | 885636 | Регионална библиотека "Любен Каравелов" Русе | Регионална библиотека "Любен Каравелов" Русе | Хранилище | 2022-05-20 | Основен фонд - ползва се само за читалня | 0.75 | 13443/65 | Цб 34878 | 900000095842 | 0.38 | Книги |